000 01546nam0a2200325 4500
001 RU\NLR\bibl\67824
005 20250616094025.0
010 _a5-696-00990-5
_9100
021 _aRU
_b1998-40846
_91961
035 _a(NLR Aleph) 000066172
090 _a362812
_c362812
100 _a20000131d1998 |||y0rusy50 ca
101 0 _arus
102 _aRU
105 _aa |||||||||
200 1 _aПроектирование цепных передач
_eУчеб. пособие
_fП.П. Сохрин
_gМ-во общ. и проф. образования Рос. Федерации, Южно-Урал. гос. ун-т. Каф. "Основы проектирования машин"
210 _aЧелябинск
_cИзд-во ЮУрГУ
_d1998
215 _a112, [2] с.
_cил.
_d20
320 _aБиблиогр. в конце кн. (11 назв.)
606 0 _aЦепная передача
_jРуководства, пособия и т.п. для высшей школы
_xПроектирование
_92147265
_3RU\NLR\auth\661293546
606 0 _aЦепные передачи
_jУчебные издания для высшей школы
_xПроектирование
_92147273
_3RU\NLR\auth\661293550
686 _aК445.73-02я73-1
700 1 _aСохрин
_bП. П.
_gПавел Петрович
_4070
801 0 _aRU
_bNLR
_c20000131
_gPSBO
801 1 _aRU
_bNLR
_c20000131
852 _aNLR
_j99-3/17585
942 _cBOOK
980 _aNB